| 000 | 01924nam a22002657a 4500 | ||
|---|---|---|---|
| 003 | NALT | ||
| 005 | 20240313073702.0 | ||
| 008 | 190117b th ||||| |||| 00| 0 tha d | ||
| 020 | _a9786167267517 | ||
| 040 | _aNALT | ||
| 041 | 0 | _athaengfre | |
| 090 |
_aอศ _bภ671พ 2559 |
||
| 245 | 1 | 0 |
_aพระเจ้าอยู่หัวแห่งประเทศไทยทรงครองราชย์ครบหมื่นวัน / _cสำนักราชเลขาธิการ. |
| 250 | _aพิมพ์ครั้งที่ 3. | ||
| 260 |
_aกรุงเทพฯ : _bสำนักราชเลขาธิการ, _c2559. |
||
| 300 |
_a127 หน้า : _cภาพประกอบ ; _b19 ซม. |
||
| 500 | _aทรงพระกรุณาโปรดเกล้าโปรดกระหม่อมให้พิมพ์พระราชทานในการพระราชพิธีทรงบำเพ็ญพระราชกุศลปัณรสมวาร ถวายพระบรมศพพระบาทสมเด็จพระปรมินทรมหาภูมิพลอดุลยเดช ณ พระที่นั่งดุสิตมหาปราสาท พระบรมมหาราชวัง วันพฤหัสบดี ที่ 27 ตุลาคม พุทธศักราช 2559. | ||
| 600 | 0 | 0 |
_aภูมิพลอดุลยเดช, _cพระบาทสมเด็จพระปรมินทรมหา, _d2470-2559 _9361 |
| 650 | 4 |
_96333 _aทศพิธราชธรรม |
|
| 710 | 2 |
_aสำนักราชเลขาธิการ _99305 |
|
| 850 | _aNALT | ||
| 942 |
_cCRE _2local |
||
| 998 |
_abijaya _c101 _cDAO _j _kCRON CRON |
||
| 999 |
_c95628 _d95628 |
||